<?xml version="1.0" encoding="UTF-8"?>
<marc:record xmlns:marc="http://www.loc.gov/MARC21/slim">
   <marc:leader>00000nam a2200000 a 4500</marc:leader>
   <marc:datafield ind1="1" ind2=" " tag="100">
      <marc:subfield code="a">Lassnig, Ewald</marc:subfield>
      <marc:subfield code="4">aut</marc:subfield>
      <marc:subfield code="e">Verfasser/-in</marc:subfield>
   </marc:datafield>
   <marc:datafield ind1=" " ind2=" " tag="653">
      <marc:subfield code="a">Peter Mitterhofer</marc:subfield>
   </marc:datafield>
   <marc:datafield ind1=" " ind2=" " tag="653">
      <marc:subfield code="a">Erfinder</marc:subfield>
   </marc:datafield>
   <marc:datafield ind1="0" ind2="0" tag="245">
      <marc:subfield code="a">Peter Mitterhofer 1822-1893</marc:subfield>
   </marc:datafield>
   <marc:datafield ind1="0" ind2="0" tag="245">
      <marc:subfield code="b">Ein Pionier der Schreibmaschine</marc:subfield>
   </marc:datafield>
   <marc:datafield ind1="0" ind2="0" tag="245">
      <marc:subfield code="c">Ewald Lassnig</marc:subfield>
   </marc:datafield>
   <marc:datafield ind1=" " ind2="1" tag="264">
      <marc:subfield code="a">Bozen</marc:subfield>
      <marc:subfield code="b">Athesia</marc:subfield>
      <marc:subfield code="c">1993</marc:subfield>
   </marc:datafield>
   <marc:datafield ind1="1" ind2=" " tag="520">
      <marc:subfield code="a">Die Schreibmaschine - was hätten Millionen  von Büros ohne diese nützliche Erfindung ge-&lt;br/&gt;macht? Zu verdanken ist sie einem Südtiroler  Erfinder, dem Partschinser Peter Mitterhofer.  Der Tischler und Zimmermann war vielseitig  begabt: Ob als phantasieviller Bastler und  Tausendkünstler, ob als Sänger, Musikant und  Komödiant - im Verdienen seines Lebensunter-&lt;br/&gt;haltes war er flexibel und erfinderisch. Nur  von seinem Lebenswerk, der Schreibmaschine,  konnte er wenig profitieren. Zweimal ging er  mit seinen Schreibmaschinenmodellen nach  Wien. Zu Fuß. Denn er wollte Kaiser Franz  Joseph seine Entdeckung vorstellen. Leider  erkannten die zuständigen Gutachter am kai-  serlichen Hof nicht den wahren Wert dieser genialen Erfindung - sie wurde nicht im ge-  ringsten ausgewertet.&lt;br/&gt;&lt;br/&gt; </marc:subfield>
   </marc:datafield>
   <marc:datafield ind1=" " ind2=" " tag="020">
      <marc:subfield code="a">9788870147520</marc:subfield>
      <marc:subfield code="9">9788870147520</marc:subfield>
   </marc:datafield>
   <marc:datafield ind1=" " ind2=" " tag="041">
      <marc:subfield code="a">ger</marc:subfield>
   </marc:datafield>
   <marc:datafield ind1="1" ind2=" " tag="521">
      <marc:subfield code="a">0</marc:subfield>
   </marc:datafield>
   <marc:datafield ind1=" " ind2=" " tag="300">
      <marc:subfield code="a">116 S.</marc:subfield>
   </marc:datafield>
</marc:record>
